00942nam a2200265 a 450000100060000000300080000600500170001400800410003102000280007203500190010004000270011904100080014608200220015410000360017624500470021225000120025926000560027130000350032750400540036265000340041683000400045094200120049099900170050295201570051966323BD-RjUL20211209081526.0170315s2003 caua b 001 0 eng  a0761921303 (alk. paper) a(BD-RjUL)66453 aDLCcDLCdBD-RjULbeng aeng00a153223bKEC 20031 aKellogg, Ronald Thomas.919629810aCognitive psychology /cRonald T. Kellogg. a2nd ed. aThousand Oaks, Calif. :bSage Publications,cc2003. axxii, 525 p. :bill. ;c25 cm. aIncludes bibliographical references and indexes. 0aCognitive psychology.9196300 aAdvanced psychology texts ;9196301 2ddccBK c66323d66323 00102ddc40718NFICaRUCLbRUCLcReadingd2005-10-06eDhaka, Paragon Enterpries Ltd.g92.95l0o153 KEC 2003r2017-03-15 00:00:00tC-1w2017-03-15yBK